Т. 2; Самоучитель немецкого языка

Detalles Bibliográficos
Parent link:Самоучитель немецкого языка=Deutsch ohne Probleme: В 2-х т./ Н. Ф. Бориско. Т. 2.— , 2000
Lenguaje:alemán
ruso
Publicado: 2000
Materias:
Formato: Desconocido
KOHA link:https://koha.lib.tpu.ru/cgi-bin/koha/opac-detail.pl?biblionumber=24981

MARC

LEADER 00000nmm0a2200000 4500
001 24981
005 20231030200531.0
010 |a 5783602272 
010 |a 966-509-063-1 
035 |a (RuTPU)RU\TPU\book\25215 
035 |a BOOK00025288 
090 |a 24981 
100 |a 20011209d2000 m y0rusy50 ca 
101 0 |a ger  |a rus 
102 |a RU  |a UA 
105 |a y j 001zy 
200 1 |a Т. 2 
210 |d 2000 
215 |a 512 с.  |e Прил.: кассета 
461 |t Самоучитель немецкого языка  |l Deutsch ohne Probleme  |o В 2-х т.  |f Н. Ф. Бориско  |v Т. 2  |d 2000  |s Deutsch 
610 1 |a немецкий язык 
610 1 |a учебные пособия 
610 1 |a самоучители 
610 1 |a фонетика 
610 1 |a грамматика 
610 1 |a лексика 
610 1 |a устная речь 
610 1 |a кассеты 
686 |a Ш143.24-922  |v LBC/SL-A  |2 rubbk 
801 0 |a RU  |b 63413507  |c 20011209  |g PSBO 
801 2 |a RU  |b 63413507  |c 20120705  |g PSBO 
942 |c MX